000 00374nam a22001577a 4500
003 MPLRDC
005 20220104113844.0
008 210129b ||||| |||| 00| 0 eng d
082 _a848.1 LSQ-8 c.2
100 _a梁实秋著
245 _a槐园梦忆
_c
260 _a
_b远东图书公司
_c1990
300 _b
650 _a现代别集
942 _cBK
_o848.1 LSQ-8 c.2
999 _c2892
_d2882